000 01224cam a2200265 4500
001 WB4017-03
008 040505n2004 000 0 eng u
035 _a(Sirsi) u126101
245 _aCanadian property index launched
260 _c2004
490 _aIPD Press Release
_v 26 April 2004 (3)
520 _aIPD and the Institute of CanadianReal Estate Investment Managers have published the 2003 "ICREIM/IPD Canadian property index". It reports the total return on direct investment in properties was 8.2% in 2003, down from 8.9% in 2002, 9.3% in 2001 and 12.1% in 2000. Total returns varied according to property sector, with retail at 12.1%, industrial 11.7% and office 5.4%. Residential fell to 2.9%. Copies of the index can be downloaded from http://www.ipdindex.co.uk. http://www.ipdindex.co.uk/about_ipd/press_releases /Canadianpress03.asp
590 _aWB
590 _aWB
650 _aCANADA
650 _aPROPERTY RETURNS
650 _aPROPERTY INDEXES
650 _aOFFICE INVESTMENT
650 _aINDUSTRIAL RETURNS
650 _aRESIDENTIAL MARKET
650 _aRETAIL INVESTMENT
650 _aICREAM/IPD CANADIAN PROPERTY INDEX
690 _aCOMMERCIAL PROPERTY-INVESTMENT
942 _n0
999 _c117293
_d117293